Wonky Word Clicking - D - Statistics

General Stats
  • This quiz has been taken 373 times
    372 since last reset
  • The average score is 10 of 15
Answer Stats
Hint Answer % Correct
Dilly -Dally
95%
Doppel ganger
91%
Didge ridoo
78%
Dread nought
71%
Du gong
70%
Drag oon
70%
Dol drums
69%
Dunder head
65%
Donny brook
60%
Dog matic
58%
Diph thong
57%
Dap perling
56%
Dry gulch
44%
Draggle tailed
42%
Dip tych
40%
No matching quizzes found
Score Distribution
Percent of People with Each Score
Percentile by Number Answered
Your Score History
You have not taken this quiz since the last reset